[Event "Women's Speed Chess Q5"]
[Site "chess.com INT"]
[Date "2020.06.22"]
[Round "13"]
[White "Smirnova, Ekaterina"]
[Black "Belenkaya, Dina"]
[Result "1/2-1/2"]
[WhiteTitle "WIM"]
[BlackTitle "WGM"]
[WhiteElo "2278"]
[BlackElo "2297"]
[WhiteFideId "4110943"]
[BlackFideId "24142654"]
[EventDate "2020.06.22"]

1. d4 Nf6 2. c4 c5 3. d5 e5 4. Nc3 d6 5. e4 Be7 6. g3 Nbd7 7. Bg2 a6 8. a4 b6 9.
Nf3 Nf8 10. h3 h6 11. O-O Bd7 12. Be3 Qc8 13. Kh2 N6h7 14. Rb1 Ng6 15. b4 O-O
16. bxc5 bxc5 17. Bd2 Bd8 18. Ne1 Ba5 19. Qc2 h5 20. Nd3 f5 21. exf5 Bxf5 22.
Ne4 Bxd2 23. Nxd6 Bxd3 24. Qxd3 Qd7 25. Qxg6 Rf6 26. Qd3 Qxd6 27. Qxd2 h4 28. a5
Raf8 29. Rb6 Qd8 30. Rxf6 Qxf6 31. Qe3 Ng5 32. Qxc5 e4 33. Qe3 Nf3+ 34. Bxf3
exf3 35. gxh4 Qd6+ 36. Kh1 Qd7 37. Qe6+ Qxe6 38. dxe6 Rc8 39. Re1 Kf8 40. e7+
Ke8 41. Re4 Rc5 42. Rf4 Rxa5 43. Rxf3 Kxe7 44. Kg2 Ra4 45. Rc3 a5 46. c5 Kd7 47.
c6+ Kc7 48. Kg3 Rb4 49. f4 a4 50. Kg4 Rb3 51. Rc1 a3 52. h5 a2 53. Ra1 Rb2 54.
Kg5 Kxc6 55. Kg6 Rg2+ 56. Kh7 Kd5 57. h6 gxh6 58. Kxh6 Ke4 59. h4 Kxf4 60. h5
Kf5 61. Rf1+ Ke6 62. Re1+ Kf7 63. Rf1+ Kg8 64. Ra1 Kh8 65. Re1 Kg8 66. Rf1 Rc2
67. Ra1 Rb2 68. Kg5 Kg7 69. h6+ Kh7 70. Kf4 Kxh6 71. Ke3 Kg6 72. Kd3 Kf5 73. Kc3
Rg2 74. Kb3 Ke4 75. Rxa2 Rxa2 76. Kxa2 1/2-1/2

[Event "Women's Speed Chess Q5"]
[Site "chess.com INT"]
[Date "2020.06.22"]
[Round "13"]
[White "Diakonova, Ekaterina"]
[Black "Ziegenfuss, Antonia"]
[Result "0-1"]
[BlackTitle "WFM"]
[WhiteElo "2209"]
[BlackElo "2101"]
[WhiteFideId "24172936"]
[BlackFideId "12962554"]
[EventDate "2020.06.22"]

1. e4 c5 2. Nf3 e6 3. g3 Nc6 4. Bg2 Nf6 5. Nc3 d5 6. exd5 exd5 7. O-O d4 8. Re1+
Be7 9. Ne4 O-O 10. d3 h6 11. Nxf6+ Bxf6 12. Bf4 Be6 13. Qd2 Re8 14. c4 Bf5 15.
Rxe8+ Qxe8 16. Re1 Qd7 17. a3 Re8 18. Rxe8+ Qxe8 19. Qe1 Qxe1+ 20. Nxe1 Ne5 21.
Bxe5 Bxe5 22. Bxb7 Bc7 23. Be4 Be6 24. Nc2 f5 25. Bf3 a5 26. Kf1 Kf7 27. Bc6 Bb6
28. Ke2 Kf6 29. Na1 g5 30. Nb3 Ke5 31. Nd2 g4 32. f3 h5 33. fxg4 hxg4 34. Nb3
Kd6 35. Bg2 a4 36. Na1 Bd7 37. Nc2 Ke5 38. Ne1 Bc7 39. Bb7 Kf6 40. Ng2 Kg5 41.
Ba6 Bc6 42. Ne1 f4 43. Bb5 Bxb5 44. cxb5 fxg3 45. hxg3 Bxg3 46. b6 Bb8 47. Ng2
Kf5 48. Kf2 Ke6 49. Nh4 Kd7 50. Ng6 Kc6 51. Ne7+ Kxb6 52. Nd5+ Kb5 53. Nf6 c4
54. dxc4+ Kxc4 55. Nxg4 Kb3 56. Ke2 Kxb2 57. Kd3 Ba7 58. Ne5 Kxa3 59. Nc6 Bc5
60. Na5 Kb4 61. Nc6+ Kb3 62. Na5+ Kb2 63. Kc4 Bb6 64. Nc6 a3 65. Nb4 Ba5 66.
Nd3+ Kc2 67. Kxd4 a2 0-1

[Event "Women's Speed Chess Q5"]
[Site "chess.com INT"]
[Date "2020.06.22"]
[Round "13"]
[White "Hernandez Bonilla, Amelia"]
[Black "Fominykh, Maria"]
[Result "1/2-1/2"]
[WhiteTitle "WFM"]
[BlackTitle "WGM"]
[WhiteElo "2016"]
[BlackElo "2206"]
[WhiteFideId "3900193"]
[BlackFideId "4142411"]
[EventDate "2020.06.22"]

1. e4 d6 2. d4 Nf6 3. Nc3 e5 4. dxe5 dxe5 5. Qxd8+ Kxd8 6. Bc4 Ke8 7. Bg5 Bd6 8.
Bxf6 gxf6 9. Nb5 Be6 10. Bxe6 fxe6 11. Nxd6+ cxd6 12. O-O-O Ke7 13. Ne2 Rc8 14.
Rd3 Nd7 15. Rhd1 Rc6 16. Rh3 Rh8 17. Rg3 Kf7 18. Ra3 a6 19. Rad3 Ke7 20. Nc3 Rg8
21. Rg3 Rg6 22. Rdd3 Nc5 23. Rdf3 Kf7 24. Kd2 b5 25. a3 Nd7 26. Na2 Nb6 27. b3
d5 28. Nb4 Rd6 29. exd5 Nxd5 30. Nxd5 exd5 31. Rxg6 hxg6 32. Rc3 f5 33. h4 e4
34. Rc7+ Kf6 35. Ke3 d4+ 36. Kf4 d3 37. cxd3 exd3 38. Rc1 Rd4+ 39. Ke3 Rxh4 40.
Kxd3 Re4 41. Kc3 Ke5 42. Rd1 Re2 43. Rd2 Re1 44. Kb4 Ra1 45. a4 bxa4 46. bxa4 g5
47. Re2+ Kd4 48. Rd2+ Ke4 49. Re2+ Kd5 50. Rd2+ Ke6 51. Re2+ Kf6 52. Ka5 f4 53.
Rb2 Kf5 54. Rb6 Ra2 55. f3 Rxg2 56. Kxa6 Rf2 57. Rb5+ Kf6 58. Rb3 Kf5 59. a5 g4
60. fxg4+ Kxg4 61. Kb7 Ra2 62. a6 f3 63. a7 f2 64. Rb1 Kg3 65. Rf1 Kg2 66. Rxf2+
Kxf2 67. a8=Q Rxa8 68. Kxa8 1/2-1/2

[Event "Women's Speed Chess Q5"]
[Site "chess.com INT"]
[Date "2020.06.22"]
[Round "13"]
[White "Buksa, Nataliya"]
[Black "Gunina, Valentina"]
[Result "0-1"]
[WhiteTitle "IM"]
[BlackTitle "GM"]
[WhiteElo "2410"]
[BlackElo "2431"]
[WhiteFideId "14123622"]
[BlackFideId "4167570"]
[EventDate "2020.06.22"]

1. d4 Nf6 2. Nc3 d5 3. Bf4 c6 4. e3 Bf5 5. Nf3 e6 6. Ne5 Nbd7 7. g4 Bg6 8. h4 h6
9. Nxg6 fxg6 10. Bd3 Kf7 11. Qe2 Bb4 12. a3 Bxc3+ 13. bxc3 Qa5 14. Kd2 Nb6 15.
g5 Na4 16. Qe1 hxg5 17. Bxg5 Qxc3+ 18. Ke2 Ne4 19. Bxe4 dxe4 20. Qxc3 Nxc3+ 21.
Kd2 Nd5 22. c4 Nf6 23. Rab1 b6 24. Rhg1 Nd7 25. Rg4 Nf6 26. Rf4 Rae8 27. Bxf6
gxf6 28. Rxe4 f5 29. Rf4 e5 30. dxe5 Rxe5 31. Kd3 Ra5 32. Ra1 Rd8+ 33. Rd4 Rxd4+
34. Kxd4 Ke6 35. Kc3 Kf6 36. Kb3 f4 37. Rd1 fxe3 38. fxe3 Re5 39. Rd6+ Re6 40.
Rd3 Ke7 41. c5 Re4 42. cxb6 axb6 43. Rc3 c5 44. Kc2 Rxh4 45. Rb3 Rc4+ 46. Kd3
Ra4 47. Rxb6 Rxa3+ 48. Kc4 Kf7 49. e4 Ra4+ 50. Kd5 Rd4+ 51. Ke5 Rd1 52. Rb7+ Kg8
53. Kf6 Rd6+ 54. Ke5 Rc6 55. Kd5 Rc8 56. Kd6 c4 57. Rb2 c3 58. Rc2 Kg7 59. e5 g5
60. Kd7 Rc4 61. e6 Rd4+ 62. Ke8 Rd3 63. e7 g4 64. Rg2 g3 65. Re2 Rd2 66. Re3 g2
67. Rg3+ Kh7 68. Kf8 Rf2+ 69. Ke8 c2 70. Kd8 c1=Q 71. e8=Q Rd2+ 72. Ke7 Re2+ 73.
Kf8 Rxe8+ 74. Kxe8 Qc8+ 75. Kf7 Qc7+ 76. Kf8 Qxg3 0-1

[Event "Women's Speed Chess Q5"]
[Site "chess.com INT"]
[Date "2020.06.22"]
[Round "13"]
[White "Solozhenkina, Elizaveta"]
[Black "Bulmaga, Irina"]
[Result "0-1"]
[WhiteTitle "WIM"]
[BlackTitle "IM"]
[WhiteElo "2301"]
[BlackElo "2440"]
[WhiteFideId "34106615"]
[BlackFideId "13903063"]
[EventDate "2020.06.22"]

1. e4 c5 2. c3 Nf6 3. e5 Nd5 4. d4 cxd4 5. cxd4 d6 6. Nf3 Nc6 7. Bc4 Nb6 8. Bb5
dxe5 9. Nxe5 Bd7 10. Nxd7 Qxd7 11. O-O Rd8 12. Be3 g6 13. Qf3 a6 14. Bxc6 bxc6
15. Nc3 Bg7 16. Rfd1 O-O 17. Qe2 Qb7 18. Rac1 Rd7 19. Ne4 Rd5 20. Nc5 Qc7 21.
Nxa6 Qd6 22. Nc5 Bxd4 23. Bxd4 Rxd4 24. Rxd4 Qxd4 25. Nb3 Qd6 26. Qc2 Rd8 27. h3
Rc8 28. Nc5 Nd5 29. Qc4 Rb8 30. b3 Rb4 31. Qd3 Nf4 32. Qf3 e5 33. Ne4 Qe6 34.
Ng5 Qf5 35. h4 h6 36. Nh3 Nxh3+ 37. Qxh3 Qxh3 38. gxh3 Rb6 39. Kf1 Kf8 40. Ke2
Ke7 41. Kd3 Kd6 42. Kc4 Ra6 43. a4 f5 44. Rd1+ Kc7 45. Kc5 Ra5+ 46. Kc4 g5 47.
h5 e4 48. Rd4 Re5 49. b4 f4 50. Rd1 e3 51. fxe3 Rxe3 52. a5 Rxh3 53. Re1 Re3 54.
Ra1 g4 55. a6 Kb8 56. Kc5 Re6 57. a7+ Ka8 58. Kb6 f3 59. Rd1 c5+ 60. Kxc5 Kxa7
61. Rd7+ Kb8 62. Rf7 Re5+ 63. Kb6 Re6+ 64. Kc5 Re3 65. b5 g3 66. Kb6 Re6+ 67.
Ka5 f2 68. b6 g2 69. Rf8+ Kb7 70. Rf7+ Kc6 71. Rxf2 g1=Q 72. Rc2+ Kb7 73. Rc7+
Kb8 74. Rc8+ Kxc8 75. b7+ Kb8 76. Ka4 Kxb7 77. Ka3 Rb6 78. Ka2 Qb1+ 0-1

[Event "Women's Speed Chess Q5"]
[Site "chess.com INT"]
[Date "2020.06.22"]
[Round "13"]
[White "Mohota, Nisha"]
[Black "Kiseleva, Arina"]
[Result "0-1"]
[WhiteTitle "IM"]
[BlackTitle "WCM"]
[WhiteElo "2195"]
[BlackElo "2024"]
[WhiteFideId "5004330"]
[BlackFideId "4164989"]
[EventDate "2020.06.22"]

1. e4 c5 2. Nf3 d6 3. Bb5+ Bd7 4. Bxd7+ Qxd7 5. c4 e5 6. Nc3 g6 7. d3 Bg7 8. Be3
Ne7 9. O-O Nbc6 10. a3 O-O 11. Ne1 f5 12. exf5 gxf5 13. f4 Nd4 14. Nc2 Ng6 15.
Nd5 exf4 16. Nxf4 Nxc2 17. Qxc2 Rae8 18. Bd2 Bd4+ 19. Kh1 Nxf4 20. Bxf4 Re6 21.
Rae1 Rfe8 22. Qd1 Bxb2 23. Bg3 Be5 24. Rf3 f4 25. Bxf4 Bxf4 26. Rxe6 Qxe6 27.
Rxf4 Qe1+ 28. Rf1 Qxd1 29. Rxd1 Re2 30. Rb1 b6 31. Kg1 Ra2 32. Rb3 Kf7 33. h3
Kf6 34. Kh2 Ke5 35. Kg3 Kd4 36. Kf3 Rd2 37. g4 Rxd3+ 38. Rxd3+ Kxd3 39. g5 Kxc4
40. h4 Kd5 41. h5 Ke6 42. Kf4 d5 43. a4 d4 44. h6 Kf7 45. Ke4 Kg6 46. Kd3 a6 47.
Kc4 Kxg5 48. Kd3 Kxh6 49. Ke4 Kg6 50. Kd3 Kf5 51. Kc4 Ke5 52. Kd3 Kd5 53. a5 c4+
54. Kd2 bxa5 55. Kc2 a4 56. Kd2 a5 57. Ke2 a3 58. Kd2 a2 59. Ke2 a1=N 60. Kf3 c3
61. Kf4 c2 62. Kg5 c1=Q+ 63. Kf6 Qf4+ 64. Ke7 d3 65. Kd7 d2 66. Kd8 d1=Q 67. Kd7
Qe2 68. Kd8 Qee4 69. Kd7 Qe6+ 70. Kd8 Qff6+ 71. Kc7 Qee7+ 72. Kc8 Qff8# 0-1

[Event "Women's Speed Chess Q5"]
[Site "chess.com INT"]
[Date "2020.06.22"]
[Round "13"]
[White "Mendoza, Shania Mae"]
[Black "Kubicka, Anna"]
[Result "1-0"]
[WhiteTitle "WFM"]
[BlackTitle "WIM"]
[WhiteElo "2158"]
[BlackElo "2256"]
[WhiteFideId "5211158"]
[BlackFideId "1152254"]
[EventDate "2020.06.22"]

1. e4 c5 2. Nf3 d6 3. g3 Nf6 4. Bg2 g6 5. d3 Bg7 6. O-O O-O 7. h3 Nc6 8. Re1 Bd7
9. c3 Qc8 10. Kh2 a6 11. d4 b5 12. e5 Ne8 13. Bf4 cxd4 14. cxd4 dxe5 15. dxe5 e6
16. Nc3 Rb8 17. Ne4 Nc7 18. Nd6 Qd8 19. Rc1 Nd5 20. Bd2 Qb6 21. Qe2 Rfd8 22. Bg5
f6 23. exf6 Bxf6 24. Ne4 Bxg5 25. Nexg5 Re8 26. Ne4 Nd4 27. Nxd4 Qxd4 28. Rcd1
Qg7 29. Nd6 Rf8 30. Ne4 Rbc8 31. a3 Rc7 32. Rd2 Bc8 33. b4 Rcf7 34. f4 Nc3 35.
Nxc3 Qxc3 36. Rd3 Qf6 37. Re3 g5 38. Qg4 Rg7 39. fxg5 Rxg5 40. Qh4 Rg7 41. Qxf6
Rxf6 42. Rc1 Rf8 43. h4 Rgf7 44. Rec3 Bb7 45. Bxb7 Rxb7 46. Rc6 Rf2+ 47. Kh3 Rf3
48. Rxa6 e5 49. Rc5 e4 50. Re5 e3 51. Rae6 Rg7 52. Re8+ Kf7 53. R8e7+ Kf6 54.
Rxg7 Kxg7 55. Kg4 Rf2 56. Rxe3 Ra2 57. Rf3 Kg6 58. h5+ Kg7 59. Kg5 h6+ 60. Kg4
Rc2 61. Rd3 Ra2 62. Kf4 Rf2+ 63. Rf3 Ra2 64. g4 Ra1 65. Kf5 Ra2 66. Re3 Ra1 67.
Re7+ Kf8 68. Re5 Rxa3 69. Rxb5 Rb3 70. Kg6 Rg3 71. Rb8+ Ke7 72. Kxh6 Rxg4 73.
Rb6 Rg8 74. Rg6 Rb8 75. Rg4 Kf6 76. Kh7 Kf7 77. h6 Kf6 78. Rg2 Kf7 79. Rf2+ Ke6
80. Rf4 Ke5 81. Rg4 Kf6 82. Rf4+ Ke5 83. Rc4 Kf6 84. Rf4+ Kg5 85. Rf7 Rxb4 86.
Kg7 Rb6 87. h7 Rg6+ 88. Kf8 Rh6 89. Kg8 Kg6 90. Rg7+ Kf6 91. h8=Q Rxh8+ 92. Kxh8
Ke6 93. Kg8 1-0

[Event "Women's Speed Chess Q5"]
[Site "chess.com INT"]
[Date "2020.06.22"]
[Round "13"]
[White "Artemyeva, Olga"]
[Black "Mrudul, Dehankar"]
[Result "0-1"]
[WhiteTitle "WFM"]
[BlackTitle "WIM"]
[WhiteElo "2069"]
[BlackElo "2256"]
[WhiteFideId "4138422"]
[BlackFideId "25096990"]
[EventDate "2020.06.22"]

1. e4 c5 2. Nf3 d6 3. c3 Nf6 4. h3 Nc6 5. Bd3 e5 6. O-O Be7 7. Bc2 O-O 8. d4
cxd4 9. cxd4 exd4 10. Nxd4 d5 11. Nxc6 bxc6 12. e5 Ne4 13. Nc3 f5 14. exf6 Nxf6
15. Bf4 d4 16. Bb3+ Kh8 17. Ne2 c5 18. Rc1 Bb7 19. Qd3 Rc8 20. Ng3 Nd5 21. Be5
Bf6 22. Bc2 g6 23. Bxf6+ Qxf6 24. Qb3 Rb8 25. Be4 Qd6 26. Qa3 Ba6 27. Rfe1 Nb4
28. Qa5 Rb5 29. Qa4 Rb6 30. a3 Nd3 31. Bxd3 Bxd3 32. Qxa7 Rxb2 33. Rcd1 Bc4 34.
Ne4 Qf4 35. Qe7 Bd5 36. g3 Qf3 37. Qe5+ Kg8 38. Qxd5+ Kg7 39. Qe5+ Kg8 40. Qe6+
Kg7 41. Qe5+ Kg8 42. Qd5+ Kg7 43. Rf1 Re2 44. Qd7+ Kh8 45. Nd2 Qf6 46. Qd5 Rxf2
47. Rxf2 Qxf2+ 48. Kh1 Qe2 49. Rg1 Qxd2 50. Qe5+ Kg8 51. Qe6+ Kg7 52. Qe5+ Kh6
53. h4 Rf2 54. Qg5+ Qxg5 55. hxg5+ Kxg5 56. Rc1 Kg4 57. Rxc5 Kxg3 58. Rg5+ Kf4
59. Rd5 Ke4 60. Rd7 Ra2 61. Rxh7 Rxa3 62. Re7+ Kd3 63. Kg2 Ra2+ 64. Kf3 Ra3 65.
Rd7 Kc2+ 66. Kf2 d3 67. Rc7+ Rc3 68. Rd7 Kd2 69. Kf1 Rc6 70. Kf2 Rf6+ 71. Kg2
Rf5 72. Kg1 Ke2 73. Re7+ Kf3 74. Rd7 Ke3 75. Re7+ Kd4 76. Re1 d2 77. Rd1 Kd3 78.
Kg2 Ke2 79. Rg1 d1=Q 80. Rxd1 Kxd1 81. Kg3 Ke2 82. Kg4 Ke3 83. Kg3 Rf4 84. Kh3
Kf3 85. Kh2 Rg4 86. Kh3 g5 87. Kh2 Kf2 88. Kh3 Rh4# 0-1